Score 0/159 Timer 10:00
0 Plays Today
Lyrics % Correct
And
100%
and
100%
The
100%
and
100%
and
100%
a
100%
And
100%
and
100%
the
100%
the
100%
the
100%
the
100%
And
100%
the
100%
the
100%
and
100%
A
100%
and
100%
And
100%
and
100%
the
100%
the
100%
the
100%
the
100%
the
100%
the
100%
you
95.8%
you.
95.8%
you
95.8%
you
95.8%
you
95.8%
you
95.8%
you
95.8%
you
95.8%
you
95.8%
you
95.8%
You
95.8%
you
95.8%
you
95.8%
gave
91.7%
gave
91.7%
Justin
87.5%
Bieber
87.5%
thank
87.5%
thank
87.5%
whites.
87.5%
Thank
87.5%
whites,
87.5%
thank
87.5%
whites
87.5%
so
87.5%
thank
87.5%
thank
87.5%
Lyrics % Correct
whites.
87.5%
Thank
87.5%
whites,
87.5%
thank
87.5%
whites.
87.5%
thank
87.5%
thank
87.5%
whites
87.5%
We
83.3%
Eminem
83.3%
to
83.3%
to
83.3%
We
83.3%
too,
79.2%
Lord,
79.2%
too.
79.2%
Lord,
79.2%
Lord,
79.2%
of
75%
of
75%
of
75%
all
75%
don't
75%
all
75%
All
75%
of
75%
of
75%
all
75%
don't
75%
don't
75%
they
70.8%
like
70.8%
soccer
70.8%
like
70.8%
Even
66.7%
dress
66.7%
try
66.7%
talk
66.7%
music
66.7%
Taylor
66.7%
Swift
66.7%
moms
66.7%
though
62.5%
Jeter.
62.5%
this
62.5%
know
62.5%
this
62.5%
know
62.5%
know
62.5%
half
58.3%
Derek
58.3%
into
58.3%
for
58.3%
Lyrics % Correct
wonderful
58.3%
songs
58.3%
by
58.3%
Creed.
58.3%
cast
58.3%
Tara
58.3%
with
58.3%
asses.
58.3%
for
58.3%
wonderful
58.3%
clothing
54.2%
from
54.2%
Also
54.2%
Add
54.2%
that
54.2%
packed
54.2%
their
54.2%
yoga
54.2%
tights.
54.2%
stuff,
54.2%
Friends
54.2%
can
54.2%
blondes
54.2%
tiny
54.2%
lights!
54.2%
stuff
54.2%
J.Crew
50%
fleet
50%
awesome
50%
neat
50%
trash
50%
Reid
50%
spill
50%
your
50%
seed
50%
glasses,
50%
Energy
50%
awesome
50%
neat
50%
Breaking
45.8%
Bad
45.8%
world
45.8%
porn
45.8%
efficient
45.8%
virtual
41.7%
leggy
41.7%
Jon
37.5%
Ray-Ban
37.5%
fancy
37.5%
coffee
37.5%
Frisbee
33.3%
sports
33.3%
Heder
29.2%

You're not logged in!

Compare scores with friends on all Sporcle quizzes.
OR
Log In

Sporcle TV

Today on Sporcle TV


Watch our educational content, quiz creation guides, and fun videos on Sporcle TV.

Show Comments

Extras

Top Quizzes Today


Score Distribution

Paid Content

Your Account Isn't Verified!

In order to create a playlist on Sporcle, you need to verify the email address you used during registration. Go to your Sporcle Settings to finish the process.

Report this User

Report this user for behavior that violates our Community Guidelines.

Details: